LEADER 01318nam0 22003131i 450 001 RML0314131 005 20231121125753.0 100 $a20121121d1986 ||||0itac50 ba 101 | $aita 102 $ait 181 1$6z01$ai $bxxxe 182 1$6z01$an 200 1 $aAgricoltura ed ecologia$euno spaccato sull'ambiente agricolo contemporaneo$fM. catalano, A. Onorati 210 $aRoma $cArmando $d1986 215 $a176 p.$d24 cm 225 | $aAmbiente ed ecologia. - Roma $eArmando 410 0$1001RML0328602$12001 $aAmbiente ed ecologia. - Roma $eArmando 606 $aEcologia e agricoltura$2FIR$3RMLC387603$9I 676 $a363.731$9$v20 700 1$aCatalano$b, Mario$3RMLV202886$010508 701 1$aOnorati$b, Aldo$3RMLV188813$074815 801 3$aIT$bIT-01$c20121121 850 $aIT-FR0017 899 $aBiblioteca umanistica Giorgio Aprea$bFR0017 912 $aRML0314131 950 0$aBiblioteca umanistica Giorgio Aprea$d 52CIS 14/296*$e 52VM 0000846755 VM barcode:00079348. - Inventario:445 FSSVM$fA $h20100901$i20121204$d 52CIS 14/296$e 52VM 0000846745 VM barcode:00079347. - Inventario:1253 FSSVM$fA $h20100901$i20121204 977 $a 52 996 $aAgricoltura ed ecologia$9360182 997 $aUNICAS